Jeu des pays frontaliers par ordre alphabétique - Statistiques

Statistiques générales
  • Ce quiz a été pris 106 fois
  • Le résultat moyen est 83 sur 152
Réponses sur la Carte
Les réponses sont colorées sur une échelle allant du rouge au vert en fonction du pourcentage des utilisateurs qui les ont devinées à leur premier essai. Vous pouvez retrouver ces pourcentages ci-dessous.
 
Statistiques - réponses
Réponse % Correct
Afghanistan
100%
Chine
82%
Bhoutan
75%
Inde
73%
Bangladesh
72%
Birmanie
70%
Cambodge
70%
Laos
70%
Malaisie
70%
Thaïlande
70%
Brunei
67%
Indonésie
67%
Papouasie-Nouvelle-Guinée
67%
Timor Oriental
63%
Népal
62%
Pakistan
62%
Viêt Nam
62%
Arménie
60%
Azerbaïdjan
60%
Géorgie
60%
Iran
60%
Russie
60%
Afrique du sud
58%
Albanie
58%
Algérie
58%
Allemagne
58%
Angola
58%
Arabie Saoudite
58%
Autriche
58%
Bénin
58%
Biélorussie
58%
Bosnie-Herzégovine
58%
Botswana
58%
Bulgarie
58%
Burkina Faso
58%
Cameroun
58%
Croatie
58%
Égypte
58%
Émirats Arabes Unis
58%
Estonie
58%
Eswatini
58%
Gabon
58%
Gambie
58%
Grèce
58%
Guinée Équatoriale
58%
Hongrie
58%
Irak
58%
Jordanie
58%
Kosovo
58%
Lettonie
58%
Libye
58%
Lituanie
58%
Macédoine du Nord
58%
Malawi
58%
Mali
58%
Moldavie
58%
Monténégro
58%
Mozambique
58%
Niger
58%
Nigeria
58%
Oman
58%
Pologne
58%
République du Congo
58%
République Tchèque
58%
Roumanie
58%
Serbie
58%
Slovaquie
58%
Turquie
58%
Ukraine
58%
Yémen
58%
Zambie
58%
Burundi
57%
Côte d'Ivoire
57%
Djibouti
57%
Érythrée
57%
Éthiopie
57%
Ghana
57%
Guinée
57%
Guinée-Bissau
57%
Kenya
57%
Lesotho
57%
Maroc
57%
Mauritanie
57%
Namibie
57%
Ouganda
57%
République Centrafricaine
57%
République Démocratiquedu Congo
57%
Rwanda
57%
Sénégal
57%
Somalie
57%
Soudan
57%
Soudan du sud
57%
Tanzanie
57%
Tchad
57%
Zimbabwe
57%
Andorre
55%
Belgique
55%
Espagne
55%
France
55%
Israël
55%
Luxembourg
55%
Pays-Bas
55%
Togo
55%
Venezuela
50%
Argentine
48%
Belize
48%
Bolivie
48%
Brésil
48%
Canada
48%
Chili
48%
Colombie
48%
Costa Rica
48%
Équateur
48%
États-Unis
48%
Guatemala
48%
Guyana
48%
Honduras
48%
Italie
48%
Mexique
48%
Nicaragua
48%
Panama
48%
Paraguay
48%
Pérou
48%
Saint-Marin
48%
Salvador
48%
Slovénie
48%
Suisse
48%
Suriname
48%
Uruguay
48%
Liechtenstein
47%
Liban
45%
Portugal
45%
Syrie
45%
Tunisie
45%
Vatican
45%
Koweït
43%
Liberia
43%
Monaco
43%
Sierra Leone
43%
Danemark
40%
Qatar
40%
Finlande
38%
Kazakhstan
38%
Corée du Nord
37%
Corée du Sud
37%
Kirghizistan
37%
Mongolie
37%
Norvège
37%
Ouzbékistan
37%
Suède
37%
Tadjikistan
35%
Turkménistan
35%
Aucun quiz correspondant
Distribution des résultats
% des personnes avec chaque résultat
Percentile par nombre de réponses
Votre historique - résultats
Vous n’avez pas pris ce quiz